header

Nonlinear distortion in wireless systems (Record no. 238397)

MARC details
000 -LEADER
fixed length control field 02696nam a2200361 a 4500
082 04 - DEWEY DECIMAL CLASSIFICATION NUMBER
Classification number 621.382/2028553
100 1# - MAIN ENTRY--AUTHOR NAME
Personal name Gharaibeh, Khaled M.
245 10 - TITLE STATEMENT
Title Nonlinear distortion in wireless systems
260 ## - PUBLICATION, DISTRIBUTION, ETC. (IMPRINT)
Place of publication Hoboken, N.J. :
Name of publisher Wiley,
Year of publication c2012.
300 ## - PHYSICAL DESCRIPTION
Number of Pages xxviii, 355 p.
520 ## - SUMMARY, ETC.
Summary, etc "Nonlinear Distortion in Wireless Systems: Modelling and Simulation with Matlab(r) describes the principles of modelling and simulation of nonlinear distortion in single and multichannel wireless communication systems using both deterministic and stochastic signals. Models and simulation methods of nonlinear amplifiers explain in detail how to analyze and evaluate the performance of data communication links under nonlinear amplification. The book deals with the analysis of nonlinear systems with stochastic inputs and establishes the performance metrics of communication systems with regard to nonlinearity. The relationship between nonlinear system parameters (which are model dependent) and system performance figures of merit is established when the input to the system consists of real-world communication signals. The book also addresses the problem of how to embed models of distortion in system-level simulators such as MATLAB™ and MATLAB Simulink™ where practical techniques that professionals can use immediately on their projects are presented. The book explores simulation and programming issues and provides a comprehensive reference of simulation tools for nonlinearity in wireless communication systems"--
650 #0 - SUBJECT ADDED ENTRY--TOPICAL TERM
Topical Term Signal processing
Topical Term Electric distortion
Topical Term Nonlinear systems
Topical Term Wireless communication systems
856 40 - ELECTRONIC LOCATION AND ACCESS
Uniform Resource Identifier http://site.ebrary.com/lib/rucke/Doc?id=10522316
520 ## - SUMMARY, ETC.
-- Provided by publisher.

No items available.

© 2026 Rongo University
Contact us: librarian | system librarian | Rongo university